[Event "SLO-ch U14 Girls"]
[Site "Murska Sobota"]
[Date "2007.03.01"]
[Round "7"]
[White "Cankar, Neza"]
[Black "Turek, Ajda Stina"]
[Result "1-0"]
[WhiteElo "1500"]
[BlackElo "1500"]
[PlyCount "64"]
[EventDate "2007.02.25"]
[EventType "swiss"]
[EventRounds "9"]
[EventCountry "SLO"]
[SourceTitle "CBM 117 Extra"]
[Source "ChessBase"]
[SourceDate "2007.05.09"]
[SourceVersion "1"]
[SourceVersionDate "2007.05.09"]
[SourceQuality "1"]

1. e4 e5 2. Nf3 Nc6 3. Bc4 Nf6 4. d3 Rb8 5. Nc3 Bc5 6. 0-0 0-0 7. Bg5 h6 8. Bh4 d6 9. h3 Nd4 10. Nh2 Be6 11. Bb3 Nxb3 12. axb3 g5 13. Bg3 Kg7 14. Qe2 Kg6 15. Nd1 Nh5 16. Kh1 d5 17. exd5 Qxd5 18. Qxe5 Qc6 19. Qe2 Bxh3 20. Nf3 Bg4 21. Ne5+ Kg7 22. Qxg4 Nxg3+ 23. Qxg3 Qe8 24. Nc4 f6 25. Qxc7+ Be7 26. Nd6 Qh5+ 27. Kg1 Qe2 28. Nf5+ Kf7 29. Qxe7+ Qxe7 30. Nxe7 Kxe7 31. Re1+ Kf7 32. Rxa7 Kg6 1-0

[Event "SLO-ch U14 Girls"]
[Site "Murska Sobota"]
[Date "2007.02.26"]
[Round "3"]
[White "Turek, Ajda Stina"]
[Black "Sluga, Erika"]
[Result "1-0"]
[WhiteElo "1500"]
[BlackElo "1500"]
[PlyCount "63"]
[EventDate "2007.02.25"]
[EventType "swiss"]
[EventRounds "9"]
[EventCountry "SLO"]
[SourceTitle "CBM 117 Extra"]
[Source "ChessBase"]
[SourceDate "2007.05.09"]
[SourceVersion "1"]
[SourceVersionDate "2007.05.09"]
[SourceQuality "1"]

1. e4 e5 2. Nf3 Nc6 3. Nc3 Bc5 4. Bc4 d6 5. d3 a6 6. a3 b5 7. Bd5 Bd7 8. Ng5 Qc8 9. Nxf7 b4 10. Nxh8 Nf6 11. Bb3 bxc3 12. bxc3 Be6 13. Bg5 Ke7 14. 0-0 Qxh8 15. Be3 Bb6 16. d4 d5 17. dxe5 Nxe5 18. exd5 Bg4 19. Qd2 Ba5 20. d6+ cxd6 21. Bd4 Ne4 22. Qe3 Bf5 23. Bd5 Nd2 24. Bxa8 Nxf1 25. Rxf1 Qxa8 26. Bxe5 dxe5 27. Qxe5+ Kf7 28. Qxf5+ Kg8 29. Qxa5 Qe4 30. Qxa6 Qxc2 31. Qb5 Qxc3 32. Qe8# 1-0